000 00470nam a2200181Ia 4500
008 240510s9999 xx 000 0 und d
041 _aEng
082 _a519.2
082 _bL16
100 _aLARSON, Harold J.
245 0 _aIntroduction to probability theory and statistical inference
260 _bNew York : John Wiley
260 _c1969
300 _a387 p.
650 _aProbability : Statistics : Statistical inference
942 _2ddc
942 _cLBK
999 _c23491
_d23491
945 _a1
_bMadushi Gamage
_c1
_dMadushi Gamage